| 000 | 00853nam a22002057a 4500 | ||
|---|---|---|---|
| 999 |
_c16929 _d16929 |
||
| 003 | AR-CdUCM | ||
| 008 | 190506b ||||| |||| 00| 0 spa d | ||
| 040 |
_aMUNICIPALIDAD PROVINCIAL DEL CUSCO _cBIBLIOTECA MUNICIPAL DEL CUSCO |
||
| 082 |
_a376.51 / _bES76 |
||
| 100 |
_aEscajadillo, Tomás _95415 |
||
| 245 | _aLa Revolución universitaria de 1930 / | ||
| 260 |
_aLima : _bSanmarti, _c1930. |
||
| 300 |
_a228 páginas ; _bláminas, fotografías, _c20.5 cm. |
||
| 505 | _aContenido: La Universidad de Lima -- La revolución Universitaria de 1930 -- Fase de latencia -- El estatuto universitario -- La federación de los estudiantes del Perú en 1930 -- La huelga general la primera toma de la Universidad ... | ||
| 650 |
_aEducación _9460 |
||
| 650 |
_aUniversidad _91570 |
||
| 650 |
_aPerú _935 |
||
| 942 |
_2ddc _cLIBROS |
||
| 945 |
_aachl _d2019-05-06 |
||